| 000 | 01940nam a2200349 a 4500 | ||
|---|---|---|---|
| 001 | ebr10646002 | ||
| 003 | CaPaEBR | ||
| 006 | m u | ||
| 007 | cr cn||||||||| | ||
| 008 | 120813s2013 njua sb 001 0 eng d | ||
| 010 | _z 2012032716 | ||
| 020 | _z9780470658109 (pbk. alk. paper) | ||
| 020 | _z9781118307762 (e-book) | ||
| 040 |
_aCaPaEBR _cCaPaEBR |
||
| 035 | _a(OCoLC)826395850 | ||
| 050 | 1 | 4 |
_aRT84.5 _b.R44 2013eb |
| 082 | 0 | 4 |
_a610.73 _223 |
| 245 | 0 | 0 |
_aReflective practice in nursing _h[electronic resource] / _cedited by Chris Bulman, Sue Schutz. |
| 250 | _a5th ed. | ||
| 260 |
_aHoboken : _bWiley-Blackwell, _c2013. |
||
| 300 |
_ax, 262 p. : _bill. |
||
| 504 | _aIncludes bibliographical references and index. | ||
| 505 | 0 | _aAn introduction to reflection / Chris Bulman -- Developing skills for reflective practice / Sue Atkins and Sue Schutz -- Writing to learn : writing reflectively / Sylvina Tate -- Reflecting in groups / Bernadette Carter -- An exploration of the student and mentor journey into reflective practice / Charlotte Maddison and Pam Sharp -- Supervision for supervisors : icing on the cake or a basic ingredient for the development of clinical supervision in nursing? / John Driscoll and Paul Cassedy -- A personal exploration of reflection and clinical expertise / Sue Duke -- Assessing and evaluating reflection / Sue Schutz -- Getting started on a journey with reflection / Chris Bulman. | |
| 533 |
_aElectronic reproduction. _bPalo Alto, Calif. : _cebrary, _d2013. _nAvailable via World Wide Web. _nAccess may be limited to ebrary affiliated libraries. |
||
| 650 | 0 |
_aNursing _xPhilosophy. |
|
| 650 | 0 | _aCritical thinking. | |
| 655 | 7 |
_aElectronic books. _2local |
|
| 700 | 1 | _aBulman, Chris. | |
| 700 | 1 | _aSchutz, Sue. | |
| 710 | 2 | _aebrary, Inc. | |
| 856 | 4 | 0 |
_uhttp://site.ebrary.com/lib/rucke/Doc?id=10646002 _zAn electronic book accessible through the World Wide Web; click to view |
| 999 |
_c45255 _d45255 |
||